JEFFREYS (Record no. 6519)
[ view plain ]
| 000 -LEADER | |
|---|---|
| fixed length control field | 00307nam a22001457a 4500 |
| 020 ## - INTERNATIONAL STANDARD BOOK NUMBER | |
| ISBN | 81-8022-011-7 |
| 082 ## - DEWEY DECIMAL CLASSIFICATION NUMBER | |
| Classification number | 920 |
| Item number | DEO/J |
| 100 ## - MAIN ENTRY--AUTHOR NAME | |
| Personal name | DEO,SUBHASH G |
| 245 ## - TITLE STATEMENT | |
| Title | JEFFREYS |
| 250 ## - EDITION STATEMENT | |
| Edition statement | FIRST |
| 260 ## - PUBLICATION, DISTRIBUTION, ETC. (IMPRINT) | |
| Place of publication | DELHI |
| Name of publisher | PRIORITY PUBLICATION |
| 300 ## - PHYSICAL DESCRIPTION | |
| Number of Pages | 74 |
| 650 ## - SUBJECT ADDED ENTRY--TOPICAL TERM | |
| Topical Term | JEFFREYS IDEAS |
| Geographic subdivision | DELHI |
| 942 ## - ADDED ENTRY ELEMENTS (KOHA) | |
| Koha item type | Books |
| Withdrawn status | Lost status | Collection code | Home library | Current library | Shelving location | Date acquired | Source of acquisition | Cost, normal purchase price | Full call number | Accession Number | Koha item type |
|---|---|---|---|---|---|---|---|---|---|---|---|
| Reference | Main Library | Main Library | SHELF-17-L-BIOGRAPHIES & AUTOBIOGRAPHIES | 07/10/2006 | PURCHASE | 35.00 | 920 DEO/J | 03222 | Books | ||
| Reference | Main Library | Main Library | SHELF-17-L-BIOGRAPHIES & AUTOBIOGRAPHIES | 07/10/2006 | PURCHASE | 920 DEO/J | 03264 | Books |